Đại hội địa chất quốc tế lần thứ 33 Oslo - Na Uy 2008 /

Uloženo v:
Podrobná bibliografie
Hlavní autor: Nguyễn Văn Giảng.
Další autoři: Vũ Quang Hiệp.
Médium: Článek
Jazyk:Vietnamese
Témata:
Tagy: Přidat tag
Žádné tagy, Buďte první, kdo otaguje tento záznam!
Thư viện lưu trữ: Thư viện Trường Đại học Đà Lạt
LEADER 00871nam a2200277 4500
001 DLU110118976
005 ##20110323
040 # # |a DLU  |b vie 
041 # # |a vie 
044 # # |a vn 
100 # # |a Nguyễn Văn Giảng. 
245 # # |a Đại hội địa chất quốc tế lần thứ 33 Oslo - Na Uy 2008 /  |c Nguyễn Văn Giảng, Vũ Quang Hiệp. 
653 # # |a Giao lưu văn hoá 
653 # # |a Hợp tác quốc tế 
653 # # |a Khoa học địa chất 
700 # # |a Vũ Quang Hiệp. 
773 # # |t Tạp chí Các khoa học về trái đất  |g Số 3(30), 2008, tr. 284-288 
920 # # |a Phòng Tạp chí -- Trung tâm Thông tin - Thư viện Trường Đại học Đà Lạt 
994 # # |a DLU 
900 # # |a True 
911 # # |a Nguyễn Thị Linh Chi 
925 # # |a G 
926 # # |a A 
927 # # |a BB 
980 # # |a Thư viện Trường Đại học Đà Lạt